| 000 | 00531nam a22001937a 4500 | ||
|---|---|---|---|
| 003 | OSt | ||
| 005 | 20210426082452.0 | ||
| 008 | 210211s1940 ||||| |||| 00| 0 eng d | ||
| 040 |
_aeng _beng _cDLC |
||
| 041 | _aeng | ||
| 080 |
_a92 _bZ-70 |
||
| 100 |
_9837 _aZinsser, Hans |
||
| 245 |
_aAs I Remember Him / The Biography of R. S. _c/ by: Little, Brown and Company |
||
| 260 |
_aBoston _bLittle, Brown and Company _c1940 |
||
| 300 | _a443 p. | ||
| 650 | 0 |
_9237 _aBiography |
|
| 653 | _aბიოგრაფია | ||
| 942 |
_2udc _cBK |
||
| 999 |
_c1350 _d1350 |
||